000 00263nam a2200097Ia 4500
082 _a641.665 VAN
245 0 _aSuid-Afrikaanse pluimveedisse
100 _a Van Wyk, Magdaleen Kaapstad, 1989
_97077
942 _cBK
008 210817s9999 xx 000 0 und d
999 _c62429
_d62429